Surgery Review (Record no. 315)

000 -LEADER
fixed length control field 01473nam a22005297a 4500
001 - CONTROL NUMBER
control field 22640889
003 - CONTROL NUMBER IDENTIFIER
control field LIBRIS
005 - DATE AND TIME OF LATEST TRANSACTION
control field 20241105175214.0
007 - PHYSICAL DESCRIPTION FIXED FIELD--GENERAL INFORMATION
fixed length control field cr ||| |||||
008 - FIXED-LENGTH DATA ELEMENTS--GENERAL INFORMATION
fixed length control field 180502s2014 xx |||||o|||||000 0|und|d
020 ## - INTERNATIONAL STANDARD BOOK NUMBER
International Standard Book Number 9781451184051 (Print)
035 ## - SYSTEM CONTROL NUMBER
System control number (EBZ)ebs2661247e
035 ## - SYSTEM CONTROL NUMBER
System control number (ALMA)991001029097503631
035 ## - SYSTEM CONTROL NUMBER
System control number (WaSeSS)ssj0001261153
035 ## - SYSTEM CONTROL NUMBER
System control number (ALMA)99157950902336
035 ## - SYSTEM CONTROL NUMBER
System control number (WaSeSS)ssj0001261153
035 ## - SYSTEM CONTROL NUMBER
System control number (ALMA)993553279903662
035 ## - SYSTEM CONTROL NUMBER
System control number (EBZ)ebs2661247e
035 ## - SYSTEM CONTROL NUMBER
System control number (EBZ)ebs2661247e
035 ## - SYSTEM CONTROL NUMBER
System control number (ALMA)9919274161805121
035 ## - SYSTEM CONTROL NUMBER
System control number (EBZ)ebs2661247e
035 ## - SYSTEM CONTROL NUMBER
System control number (EBZ)ebs2661247e
035 ## - SYSTEM CONTROL NUMBER
System control number (EBZ)ebs2661247e
035 ## - SYSTEM CONTROL NUMBER
System control number (ALMA)997052974803661
035 ## - SYSTEM CONTROL NUMBER
System control number (EBZ)ebs2661247e
035 ## - SYSTEM CONTROL NUMBER
System control number (ALMA)991001059081603211
035 ## - SYSTEM CONTROL NUMBER
System control number (ALMA)999429446703663
035 ## - SYSTEM CONTROL NUMBER
System control number (EBZ)ebs2661247e
035 ## - SYSTEM CONTROL NUMBER
System control number (ALMA)9921417811304996
035 ## - SYSTEM CONTROL NUMBER
System control number (WaSeSS)ssj0001261153
035 ## - SYSTEM CONTROL NUMBER
System control number (EBZ)ebs2661247e
040 ## - CATALOGING SOURCE
Description conventions a
Transcribing agency DLC
041 ## - LANGUAGE CODE
Language code of text/sound track or separate title und
080 ## - UNIVERSAL DECIMAL CLASSIFICATION NUMBER
Universal Decimal Classification number 617
Item number M.20
100 1# - MAIN ENTRY--PERSONAL NAME
Personal name Cooper, Michol A.
245 10 - TITLE STATEMENT
Title Surgery Review
260 ## - PUBLICATION, DISTRIBUTION, ETC.
Name of publisher, distributor, etc. Lippincott, Williams & Wilkins,
Date of publication, distribution, etc. 2014
300 ## - PHYSICAL DESCRIPTION
Extent 704 p.
Dimensions ill
365 ## - TRADE PRICE
Price amount 10.24 usd
500 ## - GENERAL NOTE
General note Book
650 #4 - SUBJECT ADDED ENTRY--TOPICAL TERM
Topical term or geographic name entry element MEDICAL / Surgery / General
653 ## - INDEX TERM--UNCONTROLLED
Uncontrolled term ქირურგია
653 ## - INDEX TERM--UNCONTROLLED
Uncontrolled term მედიცინა
700 1# - ADDED ENTRY--PERSONAL NAME
Personal name Makary, Martin A.
776 08 - ADDITIONAL PHYSICAL FORM ENTRY
Relationship information Print
Title Surgery Review
International Standard Book Number 978-1-4511-8405-1
942 ## - ADDED ENTRY ELEMENTS (KOHA)
Source of classification or shelving scheme
Koha item type Books
Holdings
Withdrawn status Lost status Source of classification or shelving scheme Damaged status Not for loan Permanent location Current location Date acquired Inventory number Total Checkouts Full call number Barcode Date last seen Price effective from Koha item type
          Ken Walker International University Ken Walker International University 11/20/2020 970   617 M-20 970 11/20/2020 11/20/2020 Books
          Ken Walker International University Ken Walker International University 11/20/2020 971   617 M-20 971 11/20/2020 11/20/2020 Books
          Ken Walker International University Ken Walker International University 11/21/2020 2057   617 M-20 2057 11/21/2020 11/21/2020 Books

Powered by Koha